000 00533nam a2200217Ia 4500
003 OSt
005 20220928145055.0
006 a|||||r|||| 00| 0
007 ta
008 220927b |||||||| |||| 00| 0 eng d
024 _a78493
037 _cTextual
040 _aSDCL
_cSDCL
_beng
041 _2eng
_aeng
082 _aY73(Q8441), F8
100 _aBarstow A E
_9511453
245 0 _aSikhs
_b An ethnology.
260 _c1928
942 _hY73(Q8441), F8
_cTEXL
_2CC
999 _c831702
_d831702